000 00363nam a2200145Ia 4500
008 230312s9999||||xx |||||||||||||| ||und||
020 _a81-312-2536-3
082 _a612
_bALA-P
100 _aAlam;M.M
245 0 _aPractical Pharmaceutical Analytical Chemistry
260 _bElsevier
_aIndia
_c2011
300 _a270
650 _aPharmacy
_vChemistry
942 _cBK
999 _c9925
_d9925